[Event "Xtracon Chess Open 2017"]
[Site "Helsingor DEN"]
[Date "2017.07.23"]
[Round "2.202"]
[White "Horslund, Mikael"]
[Black "Hinrichs, Kurt"]
[Result "1-0"]
[WhiteElo "1726"]
[BlackElo "1277"]
[WhiteFideId "1421042"]
[BlackFideId "12994057"]
[EventDate "2017.07.22"]

1. e4 e6 2. Qe2 Nf6 3. d3 d5 4. e5 Nfd7 5. f4 Nc6 6. Nf3 h6 7. d4 Nb6 8. c3 Be7
9. Be3 Bd7 10. g4 Nc4 11. Bf2 O-O 12. b3 Nb6 13. h4 f5 14. g5 h5 15. Nbd2 g6 16.
Bg2 a6 17. O-O Rc8 18. Ne1 Na7 19. Nd3 Nb5 20. Rfc1 Be8 21. a4 Na7 22. Rc2 Nd7
23. Nc5 Nxc5 24. dxc5 c6 25. Rd1 Qc7 26. c4 Rd8 27. cxd5 cxd5 28. Nf3 Bf7 29.
Rdc1 Nc6 30. Be1 Qb8 31. b4 Be8 32. b5 Na7 33. Nd4 Bd7 34. c6 bxc6 35. bxc6 Qb6
36. Bf2 Qc7 37. cxd7 Qxd7 38. Rc7 1-0

[Event "Xtracon Chess Open 2017"]
[Site "Helsingor DEN"]
[Date "2017.07.23"]
[Round "2.203"]
[White "Gelders, Hanne"]
[Black "Svensson, Anders 1980"]
[Result "0-1"]
[WhiteElo "1206"]
[BlackElo "1723"]
[WhiteFideId "249033"]
[BlackFideId "1727818"]
[EventDate "2017.07.22"]

1. d4 Nf6 2. e3 g6 3. Bd3 c5 4. c3 Bg7 5. Nf3 O-O 6. Nbd2 Nc6 7. O-O d6 8. b3
cxd4 9. cxd4 Nb4 10. Be2 Bf5 11. Bb2 Rc8 12. Nc4 b5 13. Na3 a6 14. Qd2 Nc2 15.
Rac1 Ne4 16. Qd1 Nxa3 17. Rxc8 Bxc8 18. Bxa3 Qa5 19. Qc1 Nc3 20. Re1 Nxa2 21.
Qb2 Nc3 22. b4 Nxe2+ 23. Rxe2 Qb6 24. Rc2 Bf5 25. Rd2 Rc8 26. Ne1 Be6 27. Qb1
Bc4 28. Rc2 Qb7 29. Bb2 Be6 30. Rxc8+ Qxc8 31. Nd3 Bf5 32. Qd1 Qc4 33. Nf4 Qxb4
34. Qc1 Qc4 35. Qxc4 bxc4 36. Nd5 e6 37. Ne7+ Kf8 38. Nc6 Ke8 39. f3 Bd3 40. Nb4
Be2 41. Kf2 Bd3 42. Nxd3 cxd3 43. Ke1 Kd7 44. Kd2 d5 45. Kxd3 Bf8 46. g4 Kc6 47.
Kc3 Kb5 48. Kb3 a5 49. Ba1 Bb4 50. e4 a4+ 51. Kc2 Kc4 52. e5 Be1 53. h3 Bf2 54.
f4 Bxd4 55. Bxd4 Kxd4 56. Kb2 Ke4 0-1

[Event "Xtracon Chess Open 2017"]
[Site "Helsingor DEN"]
[Date "2017.07.23"]
[Round "2.204"]
[White "Rolstad, Morten"]
[Black "Hestholm, Freddy"]
[Result "1-0"]
[WhiteElo "1720"]
[BlackElo "1249"]
[WhiteFideId "1525026"]
[BlackFideId "1529951"]
[EventDate "2017.07.22"]

1. e4 d5 2. exd5 Nf6 3. d4 Bg4 4. Bb5+ Nbd7 5. f3 Bf5 6. Nc3 e6 7. g4 Bg6 8. h4
h5 9. dxe6 fxe6 10. Nge2 Qe7 11. Nf4 Bf7 12. Qe2 O-O-O 13. Be3 Nb6 14. O-O-O
Nfd5 15. Ncxd5 exd5 16. g5 g6 17. Bd3 Rd6 18. Rde1 Na4 19. Bd2 Qxe2 20. Rxe2 Rb6
21. b3 Ba3+ 22. Kd1 Nb2+ 23. Ke1 Bd6 24. Bxg6 Bxf4 25. Bxf7 Bg3+ 26. Kf1 Rf8 27.
Bxh5 Kd8 28. Kg2 Bd6 29. Rhe1 c5 30. Ba5 cxd4 31. Re8+ Kc7 32. Rxf8 Bxf8 33. Re8
Bb4 34. Bxb6+ Kxb6 35. Bg6 a5 36. f4 a4 37. h5 a3 38. h6 Bd2 39. Kf3 d3 40. h7
Bc3 41. Bxd3 Nd1 42. f5 Bd4 43. f6 1-0

[Event "Xtracon Chess Open 2017"]
[Site "Helsingor DEN"]
[Date "2017.07.23"]
[Round "2.205"]
[White "Nesse, David"]
[Black "Pouliart, Sander"]
[Result "1-0"]
[WhiteElo "1718"]
[BlackElo "1236"]
[WhiteFideId "1519875"]
[BlackFideId "251062"]
[EventDate "2017.07.22"]

1. e4 e6 2. d3 d5 3. Qe2 Nf6 4. g3 Be7 5. Bg2 O-O 6. Nf3 c5 7. O-O Nc6 8. e5 Nd7
9. h4 f6 10. exf6 Nxf6 11. Bh3 Bd6 12. Bxe6+ Bxe6 13. Qxe6+ Kh8 14. Ng5 Qc7 15.
Nc3 Bxg3 16. Nb5 Qb6 17. Nf7+ Rxf7 18. Qxf7 Bxh4 19. Nd6 Rd8 20. Nf5 Rd7 21.
Qf8+ 1-0

[Event "Xtracon Chess Open 2017"]
[Site "Helsingor DEN"]
[Date "2017.07.23"]
[Round "2.207"]
[White "Erikstad, Anders"]
[Black "Nielsen, Palle"]
[Result "0-1"]
[WhiteElo "1166"]
[BlackElo "1715"]
[WhiteFideId "1530445"]
[BlackFideId "1408526"]
[EventDate "2017.07.22"]

1. d4 Nf6 2. c4 d5 3. Nc3 e6 4. Nf3 Be7 5. Bf4 O-O 6. e3 Nbd7 7. Bd3 dxc4 8.
Bxc4 Nb6 9. Bd3 Nh5 10. Ng5 g6 11. Nh3 Nxf4 12. Nxf4 c6 13. O-O Bd6 14. Qg4 e5
15. Qg3 exf4 16. exf4 Qc7 17. Ne2 Nd5 18. Qg5 Nxf4 19. Nxf4 Bxf4 20. Qh4 Be6 21.
b3 Rad8 22. g3 Bd6 23. Qh6 Rfe8 24. Rfe1 Bf8 25. Qh4 Bg7 26. Re4 Qb6 27. Bc4
Rxd4 28. Rae1 Rxe4 29. Rxe4 Qc7 30. Re1 Qd7 31. Kg2 Bd5+ 32. Kf1 Bxc4+ 33. Qxc4
Qh3+ 34. Kg1 Rxe1+ 35. Qf1 Rxf1# 0-1

[Event "Xtracon Chess Open 2017"]
[Site "Helsingor DEN"]
[Date "2017.07.23"]
[Round "2.208"]
[White "Kumpen, Jona"]
[Black "Jensen, Johannes Frank"]
[Result "1-0"]
[WhiteElo "1711"]
[BlackElo "1170"]
[WhiteFideId "238520"]
[BlackFideId "1457942"]
[EventDate "2017.07.22"]

1. d4 d5 2. Nf3 Nf6 3. e3 Nc6 4. c4 a6 5. Nc3 h6 6. cxd5 Nxd5 7. e4 Nxc3 8. bxc3
Bg4 9. Ba3 e5 10. Bxf8 Rxf8 11. d5 Bxf3 12. gxf3 Ne7 13. c4 c5 14. Qa4+ Qd7 15.
Qa5 f6 16. Qxc5 Rc8 17. Qb4 Kf7 18. h4 Rcd8 19. Bh3 Qd6 20. Be6+ Kg6 21. h5+ Kh7
22. Qxd6 Rxd6 23. c5 Rdd8 24. Rg1 a5 25. Rb1 Rb8 26. Kd2 a4 27. Rb4 Kh8 28. Rgb1
a3 29. Rxb7 Rxb7 30. Rxb7 Re8 31. Bf7 Rc8 32. Rxe7 Rb8 33. Re8+ Rxe8 34. Bxe8
Kg8 35. c6 Kh7 36. c7 g6 37. Bxg6+ Kg7 38. Bf5 Kf7 39. c8=Q Ke7 40. Qd7+ Kf8 41.
Bg6 Kg8 42. Qf7+ Kh8 43. Qh7# 1-0

[Event "Xtracon Chess Open 2017"]
[Site "Helsingor DEN"]
[Date "2017.07.23"]
[Round "2.209"]
[White "Huse, Lars Paul"]
[Black "Gardarsson, Hordur"]
[Result "0-1"]
[WhiteElo "1163"]
[BlackElo "1710"]
[WhiteFideId "1526537"]
[BlackFideId "2303604"]
[EventDate "2017.07.22"]

1. e4 c5 2. Nf3 Nc6 3. Bb5 g6 4. d4 cxd4 5. Nxd4 Bg7 6. c3 Qc7 7. Bxc6 bxc6 8.
O-O Nf6 9. Re1 e5 10. Nf3 O-O 11. Nbd2 Bb7 12. Nc4 Ne8 13. Be3 d6 14. Nfd2 d5
15. exd5 cxd5 16. Na3 f5 17. f3 e4 18. f4 a6 19. Rc1 Rf7 20. g3 Rd8 21. Nb3 Nd6
22. Bd4 Nc4 23. Nxc4 dxc4 24. Na1 Rfd7 25. Nc2 Qc6 26. Re2 e3 27. Qf1 Qh1# 0-1

[Event "Xtracon Chess Open 2017"]
[Site "Helsingor DEN"]
[Date "2017.07.23"]
[Round "2.210"]
[White "Olsen, Kim Alex"]
[Black "Cort Maleeva Hansen, Daniel Alexander"]
[Result "1-0"]
[WhiteElo "1706"]
[BlackElo "1166"]
[WhiteFideId "1406663"]
[BlackFideId "1462644"]
[EventDate "2017.07.22"]

1. d4 Nf6 2. c4 g6 3. Nc3 Bg7 4. e4 O-O 5. e5 Ne8 6. f4 d6 7. Be3 Nc6 8. Nf3 Bf5
9. a3 dxe5 10. dxe5 Qxd1+ 11. Rxd1 f6 12. exf6 Nxf6 13. Be2 Be6 14. O-O Na5 15.
Ne5 a6 16. Bc5 Rfe8 17. Rfe1 Rad8 18. b4 b6 19. Rxd8 Rxd8 20. Bxe7 Rd4 21. bxa5
bxa5 22. Rd1 Rxd1+ 23. Bxd1 Ne8 24. Nd5 Bxe5 25. fxe5 c6 26. Ne3 Kf7 27. Bd8 h5
28. Bxa5 Ng7 29. Bf3 c5 30. Bb7 g5 31. Bxa6 Kg6 32. Bb7 Nf5 33. Be4 h4 34. Bc7
Bd7 35. Bxf5+ Bxf5 36. Nxf5 Kxf5 37. a4 Ke6 38. a5 Kd7 39. Bd6 Kc8 40. a6 Kd7
41. a7 Ke6 42. a8=Q Kf5 43. Qd5 Kg6 44. e6 Kh5 45. e7 Kg4 46. Qf3# 1-0

[Event "Xtracon Chess Open 2017"]
[Site "Helsingor DEN"]
[Date "2017.07.23"]
[Round "2.211"]
[White "Schjolin, John"]
[Black "Gottschalck, Christian"]
[Result "0-1"]
[WhiteElo "1145"]
[BlackElo "1705"]
[WhiteFideId "1439413"]
[BlackFideId "1428357"]
[EventDate "2017.07.22"]

1. e4 d5 2. d3 dxe4 3. dxe4 Qxd1+ 4. Kxd1 Nf6 5. f3 e5 6. Bc4 Be7 7. Nc3 c6 8.
a4 O-O 9. Be3 Rd8+ 10. Ke2 b6 11. h4 Na6 12. Na2 Nc7 13. b3 Bb7 14. Kf2 Rd7 15.
Nc3 Rad8 16. Nge2 Nce8 17. Bd3 Nd6 18. Rhd1 c5 19. Na2 Rc7 20. c4 Rcd7 21. Rd2
Ndxe4+ 22. Bxe4 Nxe4+ 23. fxe4 Rxd2 24. g3 Rb2 25. Nc3 Rd3 26. Kf3 Rxb3 27. Rd1
Rxd1 28. Nxd1 Rb4 0-1

[Event "Xtracon Chess Open 2017"]
[Site "Helsingor DEN"]
[Date "2017.07.23"]
[Round "2.212"]
[White "Lindgaard, Tobias Simon"]
[Black "Gelders, Marte"]
[Result "1-0"]
[WhiteElo "1705"]
[BlackElo "1159"]
[WhiteFideId "1419820"]
[BlackFideId "255513"]
[EventDate "2017.07.22"]

1. c4 c5 2. Nc3 e5 3. g3 d6 4. Bg2 Nc6 5. e4 Be6 6. Nge2 Nf6 7. O-O Be7 8. d3
Bg4 9. h3 Be6 10. Kh2 Nd4 11. f4 g6 12. fxe5 dxe5 13. Nd5 Nxd5 14. exd5 Bc8 15.
Nxd4 cxd4 16. Bh6 Bf8 17. Qf3 f5 18. Bxf8 Rxf8 19. Rae1 Qe7 20. b4 b6 21. d6
Qxd6 22. Qc6+ Qxc6 23. Bxc6+ Bd7 24. Bxa8 b5 25. cxb5 Bxb5 26. Rxe5+ Kd7 27.
Rxb5 Rxa8 28. Rd5+ Ke6 29. Rxd4 Ke5 30. Rd7 Rc8 31. Re1+ Kf6 32. Re2 h5 33. Rxa7
Rc3 34. Rd2 g5 35. d4 g4 36. h4 f4 37. Ra6+ Kf5 38. Ra5+ Ke4 39. Re5+ Kf3 40.
Rg2 Rc4 41. gxf4 g3+ 42. Rxg3+ Kxf4 43. Rb3 Rxd4 44. Rxh5 Kg4 45. Rh8 Rd2+ 46.
Kg1 Rxa2 47. b5 Ra1+ 48. Kf2 Ra7 49. b6 Rb7 50. Rc8 Kxh4 51. Rc7 Rxc7 52. bxc7
Kg5 53. Rf3 Kg4 54. c8=Q+ Kg5 55. Qf5+ Kh4 56. Rh3# 1-0

[Event "Xtracon Chess Open 2017"]
[Site "Helsingor DEN"]
[Date "2017.07.23"]
[Round "2.213"]
[White "Mansoor, Areeb"]
[Black "Kristensen, Lars Ostergaard"]
[Result "0-1"]
[WhiteElo "1059"]
[BlackElo "1701"]
[WhiteFideId "1535870"]
[BlackFideId "1415018"]
[EventDate "2017.07.22"]

1. e4 c6 2. d4 d5 3. e5 Bf5 4. Nf3 e6 5. Nc3 Nd7 6. Bd3 Ne7 7. O-O Bxd3 8. cxd3
Ng6 9. Bg5 Be7 10. Be3 O-O 11. Re1 Rc8 12. Qd2 Rc7 13. h3 Qb8 14. Bg5 Rfc8 15.
Bxe7 Nxe7 16. Qg5 Nf5 17. Ne2 c5 18. Nh4 Nxd4 19. Nxd4 cxd4 20. f4 Nf8 21. f5
exf5 22. Nxf5 Ne6 23. Qg3 Rc2 24. Ne7+ Kh8 25. Nxc8 Qxc8 26. Rf1 Qd7 27. Rab1
Kg8 28. Rfc1 Qc6 29. Rxc2 Qxc2 30. Rf1 Qxb2 31. Qf3 Ng5 32. Qxd5 Qb6 33. Qd7 h6
34. h4 Nh3+ 35. gxh3 Qg6+ 36. Kf2 Qxd3 37. Qc8+ Kh7 38. Qg4 Qe3+ 39. Kg2 Qxe5
40. Kh1 d3 41. Rg1 d2 42. h5 Qd5+ 43. Kh2 Qd6+ 44. Kg2 Qd5+ 45. Kh2 Qd6+ 46. Kg2
Qd5+ 47. Kf1 d1=Q+ 48. Qxd1 Qxd1+ 49. Kg2 Qe2+ 50. Kh1 Qxa2 51. h4 Qd5+ 52. Rg2
a5 53. Kh2 a4 54. Rg1 b5 55. Kg3 b4 56. Rb1 Qd3+ 57. Kg4 Qxb1 58. Kg3 a3 59. Kg4
a2 60. Kg3 a1=Q 61. Kg4 Qe4+ 62. Kg3 Qc3+ 63. Kf2 Qcf3+ 64. Kg1 Qeg4+ 65. Kh2
Qgg2# 0-1

[Event "Xtracon Chess Open 2017"]
[Site "Helsingor DEN"]
[Date "2017.07.23"]
[Round "2.214"]
[White "Kristiansen, Snorre"]
[Black "Joa, Vegard"]
[Result "1-0"]
[WhiteElo "1699"]
[BlackElo "1105"]
[WhiteFideId "1530011"]
[BlackFideId "1523490"]
[EventDate "2017.07.22"]

1. e4 e6 2. d4 d6 3. Nf3 g6 4. Nc3 Bg7 5. Be3 Nd7 6. Qd2 b6 7. h4 h6 8. O-O-O
Bb7 9. d5 Bxc3 10. Qxc3 e5 11. Bb5 Nf6 12. Nd2 O-O 13. Bxh6 Re8 14. Qg3 a6 15.
Be2 Bc8 16. h5 Nc5 17. hxg6 Ncxe4 18. gxf7+ Kh8 19. Bg7# 1-0

[Event "Xtracon Chess Open 2017"]
[Site "Helsingor DEN"]
[Date "2017.07.23"]
[Round "3.1"]
[White "Petersen, Tom Petri"]
[Black "Vitiugov, Nikita"]
[Result "0-1"]
[WhiteTitle "FM"]
[BlackTitle "GM"]
[WhiteElo "2338"]
[BlackElo "2724"]
[WhiteFideId "1403486"]
[BlackFideId "4152956"]
[EventDate "2017.07.22"]

1. Nf3 d5 2. d4 Nf6 3. g3 c5 4. c3 cxd4 5. cxd4 Nc6 6. Bg2 Bf5 7. O-O e6 8. Nc3
Bb4 9. Bd2 O-O 10. a3 Bxc3 11. Bxc3 Ne4 12. Qb3 Nxc3 13. Qxc3 a5 14. b3 Rc8 15.
Rfc1 Qb6 16. Qb2 Rc7 17. e3 Rfc8 18. Bf1 h6 19. Ne1 a4 20. b4 Na5 21. Rxc7 Rxc7
22. Rc1 Nc4 23. Bxc4 dxc4 24. Rc3 Qb5 25. Qe2 Qd5 26. Qf3 Be4 27. Qf4 Rd7 28. f3
Bg6 29. Kf1 b5 30. h4 Qb7 31. g4 h5 32. g5 Rd5 33. Ke2 Qd7 34. Qb8+ Kh7 35. f4
e5 36. Nf3 Qg4 37. Kf2 e4 38. Ng1 Qxh4+ 39. Kf1 Qg3 40. Ne2 Qf3+ 41. Ke1 h4 0-1

[Event "Xtracon Chess Open 2017"]
[Site "Helsingor DEN"]
[Date "2017.07.23"]
[Round "3.2"]
[White "Jobava, Baadur"]
[Black "Haug, Johannes"]
[Result "1/2-1/2"]
[WhiteTitle "GM"]
[BlackTitle "FM"]
[WhiteElo "2714"]
[BlackElo "2328"]
[WhiteFideId "13601520"]
[BlackFideId "1509268"]
[EventDate "2017.07.22"]

1. b3 Nf6 2. Bb2 b6 3. a4 Bb7 4. a5 c5 5. e3 bxa5 6. Nf3 Nc6 7. Bb5 e6 8. O-O
Be7 9. Na3 O-O 10. Bxc6 Bxc6 11. Ne5 Bd5 12. Nac4 d6 13. Nf3 Bxc4 14. bxc4 Nd7
15. Bc3 Bf6 16. Bxa5 Qc8 17. Ra2 Ne5 18. d3 Nxf3+ 19. Qxf3 Qa6 20. h4 Rab8 21.
h5 h6 22. Qg3 Kh7 23. Ra3 Rb2 24. Rfa1 Rxc2 25. Bc7 Rc1+ 26. Kh2 Rxa1 27. Rxa6
Rxa6 28. Bxd6 Rc8 29. Bf4 Rac6 30. Qf3 a5 31. Qd1 e5 32. Bg3 Ra8 33. Qa4 Rd6 34.
Qa3 Rc6 35. Qa4 Rb6 36. f4 exf4 1/2-1/2

[Event "Xtracon Chess Open 2017"]
[Site "Helsingor DEN"]
[Date "2017.07.23"]
[Round "3.3"]
[White "Kramer, Julian"]
[Black "Sasikiran, Krishnan"]
[Result "1/2-1/2"]
[WhiteTitle "FM"]
[BlackTitle "GM"]
[WhiteElo "2333"]
[BlackElo "2688"]
[WhiteFideId "12921742"]
[BlackFideId "5004985"]
[EventDate "2017.07.22"]

1. e4 e5 2. Nf3 Nc6 3. d4 exd4 4. Nxd4 Nf6 5. Nxc6 bxc6 6. e5 Qe7 7. Qe2 Nd5 8.
c4 Nb6 9. Nc3 Qe6 10. Qe4 g6 11. Bd3 Ba6 12. b3 Bg7 13. f4 O-O 14. O-O f5 15.
Qf3 d6 16. Qxc6 Qe8 17. Qxe8 Rfxe8 18. Bb2 dxe5 19. fxe5 Rad8 20. Rfd1 Bxe5 21.
Bf1 c5 22. Rxd8 Rxd8 23. Rd1 Bd4+ 24. Kh1 Re8 25. Ba1 Kf8 26. Nb5 Bxa1 27. Rxa1
Bxb5 28. cxb5 Nd5 29. Kg1 Ne3 30. a4 Ke7 31. Re1 Kd6 32. Bc4 Re5 33. Bg8 h6 34.
g3 g5 35. h3 f4 36. gxf4 gxf4 37. Kf2 Rg5 38. Rg1 Rxg1 1/2-1/2

[Event "Xtracon Chess Open 2017"]
[Site "Helsingor DEN"]
[Date "2017.07.23"]
[Round "3.4"]
[White "Short, Nigel D"]
[Black "Tryggestad, Andreas Garberg"]
[Result "1-0"]
[WhiteTitle "GM"]
[BlackTitle "FM"]
[WhiteElo "2688"]
[BlackElo "2324"]
[WhiteFideId "400025"]
[BlackFideId "1513338"]
[EventDate "2017.07.22"]

1. e4 c5 2. Nf3 e6 3. g3 Nc6 4. Bg2 Nf6 5. d3 d5 6. Qe2 Be7 7. O-O O-O 8. e5 Nd7
9. c4 d4 10. h4 Qc7 11. Bf4 a6 12. Nbd2 b5 13. a3 Rb8 14. Rac1 bxc4 15. Nxc4 Nb6
16. Nd6 Nd5 17. Rxc5 Nxf4 18. gxf4 Bxd6 19. exd6 Qxd6 20. b4 Bb7 21. Rfc1 Ne7
22. Qe5 Qxe5 23. Nxe5 Bxg2 24. Kxg2 Rb5 25. Kf3 f6 26. Nc6 Nxc6 27. Rxc6 a5 28.
R1c5 Rfb8 29. Rxb5 Rxb5 30. Rc5 Rxc5 31. bxc5 Kf7 32. Ke4 Ke7 33. Kxd4 Kd7 34.
h5 Kc6 35. a4 g6 36. h6 1-0

[Event "Xtracon Chess Open 2017"]
[Site "Helsingor DEN"]
[Date "2017.07.23"]
[Round "3.5"]
[White "Rostgaard, Tobias Valentin"]
[Black "Motylev, Alexander"]
[Result "0-1"]
[WhiteTitle "FM"]
[BlackTitle "GM"]
[WhiteElo "2327"]
[BlackElo "2680"]
[WhiteFideId "1408801"]
[BlackFideId "4121830"]
[EventDate "2017.07.22"]

1. e4 e5 2. Nf3 Nc6 3. Nc3 Nf6 4. Bb5 Bd6 5. O-O O-O 6. d3 h6 7. Ne2 Re8 8. c3
Bf8 9. Ng3 a6 10. Ba4 d5 11. exd5 Qxd5 12. Bb3 Qd6 13. Qe2 Be6 14. Ne4 Qd8 15.
Be3 Bxb3 16. axb3 Nd5 17. b4 f5 18. Nc5 Bxc5 19. bxc5 Qe7 20. Qc2 f4 21. Qb3
Red8 22. Bd2 Qxc5 23. Rfe1 Qd6 24. Re2 Kh7 25. Rae1 Qg6 26. d4 exd4 27. c4 Ne3
28. fxe3 fxe3 29. Bxe3 dxe3 30. Rxe3 b6 31. Qc3 Re8 32. Nh4 Rxe3 33. Rxe3 Qg5
34. Qd3+ Kg8 35. Qe4 Rd8 36. h3 Rd4 37. Qe6+ Kh7 38. Nf3 Rd1+ 39. Kh2 Qf4+ 40.
g3 Qf6 41. Qxf6 gxf6 42. g4 Kg7 43. Re8 Rd7 44. Nh4 Ne7 45. Ra8 Rd2+ 46. Kg3
Rxb2 47. Ra7 Rb3+ 48. Nf3 f5 49. Rxc7 Kf6 50. gxf5 Nxf5+ 51. Kf4 Ne7 52. Ra7 Rb4
53. Rxa6 Rxc4+ 54. Ke3 Rb4 55. Ra8 Nf5+ 56. Kd3 Rf4 57. Ke2 Re4+ 58. Kf2 Rb4 59.
Ke2 Re4+ 60. Kf2 Re6 61. Ra7 Re7 62. Ra4 Rc7 63. Ke2 Re7+ 64. Kf2 Nd6 65. Rh4
Ne4+ 66. Ke3 Nd6+ 67. Kf2 Kg6 68. Rg4+ Kh7 69. Rb4 b5 70. Rd4 Ne4+ 71. Kf1 Rf7
72. Rxe4 Rxf3+ 73. Kg2 Rf6 74. Re7+ Kg6 75. Rb7 Rf5 76. Rb6+ Kg7 77. Kg3 h5 78.
h4 Kf7 79. Kg2 Ke7 80. Kh3 Kd7 81. Rg6 Kc7 82. Rg7+ Kd6 83. Rb7 Kc6 84. Rb8 Kc7
85. Ra8 b4 86. Ra4 Rb5 87. Ra2 b3 88. Rb2 Kb6 0-1

[Event "Xtracon Chess Open 2017"]
[Site "Helsingor DEN"]
[Date "2017.07.23"]
[Round "3.6"]
[White "Hammer, Jon Ludvig"]
[Black "Dishman, Stephen"]
[Result "1-0"]
[WhiteTitle "GM"]
[WhiteElo "2628"]
[BlackElo "2313"]
[WhiteFideId "1503707"]
[BlackFideId "403024"]
[EventDate "2017.07.22"]

1. e4 c6 2. d4 d5 3. exd5 cxd5 4. Bd3 Nc6 5. c3 Qc7 6. h3 Nf6 7. Nf3 g6 8. O-O
Bf5 9. Ne1 Bg7 10. Bxf5 gxf5 11. Nd3 e6 12. Bf4 Qe7 13. a4 O-O 14. a5 Rfc8 15.
Re1 Qd8 16. a6 b6 17. Nd2 Ne7 18. Bh2 Ng6 19. Nf3 Ne4 20. Nfe5 Qg5 21. f3 Bxe5
22. Nxe5 Ng3 23. Nd3 f4 24. Qd2 h5 25. h4 Qxh4 26. Qf2 Qg5 27. Nxf4 Nxf4 28.
Qxg3 Qxg3 29. Bxg3 Ng6 30. Be5 f5 31. Kf2 Kf7 32. Rh1 Nxe5 33. dxe5 Kg6 34. Rh4
Rh8 35. Rah1 Rh7 36. R1h3 Rah8 37. Rg3+ Kf7 38. Rg5 Ke7 39. c4 dxc4 40. Rxc4 Kd7
41. Rg6 Re8 42. b4 b5 43. Rd4+ Kc7 44. Ke3 Rd7 45. Rxd7+ Kxd7 46. Rg7+ Kc6 47.
Rxa7 Kb6 48. Rh7 Kxa6 49. Rxh5 Kb6 50. Rh4 Kc7 51. Rd4 Rg8 52. Rd2 Rg7 53. Kf4
Rg8 54. g3 Re8 55. Rd6 Kb7 56. Kg5 Rg8+ 57. Kf6 Rxg3 58. Rd3 Rg1 59. Kxe6 Rc1
60. Kxf5 Rc4 61. Rb3 Kc7 62. Rd3 Rxb4 63. e6 Rb1 64. e7 Re1 65. Kf6 b4 66. Kf7 1-0

[Event "Xtracon Chess Open 2017"]
[Site "Helsingor DEN"]
[Date "2017.07.23"]
[Round "3.7"]
[White "Pantzar, Milton"]
[Black "Sokolov, Ivan"]
[Result "0-1"]
[WhiteTitle "FM"]
[BlackTitle "GM"]
[WhiteElo "2313"]
[BlackElo "2626"]
[WhiteFideId "1721003"]
[BlackFideId "14400030"]
[EventDate "2017.07.22"]

1. d4 Nf6 2. c4 e6 3. Nc3 Bb4 4. e3 O-O 5. Bd3 c5 6. Nf3 Nc6 7. O-O d5 8. a3
Bxc3 9. bxc3 Qc7 10. Qe2 Re8 11. Bb2 dxc4 12. Bxc4 e5 13. d5 e4 14. dxc6 Ng4 15.
g3 exf3 16. Qxf3 Ne5 17. Qf4 Qxc6 18. f3 Bh3 19. Rf2 Nxc4 20. Qxc4 Rxe3 21. Qh4
Qe6 0-1

[Event "Xtracon Chess Open 2017"]
[Site "Helsingor DEN"]
[Date "2017.07.23"]
[Round "3.8"]
[White "Saric, Ivan"]
[Black "Kucuksari, Kaan"]
[Result "1-0"]
[WhiteTitle "GM"]
[BlackTitle "FM"]
[WhiteElo "2621"]
[BlackElo "2301"]
[WhiteFideId "14508150"]
[BlackFideId "6380166"]
[EventDate "2017.07.22"]

1. e4 c6 2. d4 d5 3. e5 c5 4. dxc5 Nc6 5. f4 e6 6. Be3 Nh6 7. c3 Be7 8. Nf3 f6
9. exf6 Bxf6 10. Bd3 O-O 11. O-O Ng4 12. Bd4 Nxd4 13. cxd4 Ne3 14. Bxh7+ Kf7 15.
Qd3 Nxf1 16. Bg6+ Ke7 17. Nc3 Qc7 18. g3 b6 19. Nb5 Qc6 20. cxb6 axb6 21. Qxf1
Ba6 22. Bd3 Bxb5 23. Bxb5 Qc2 24. Re1 Qxb2 25. Rxe6+ Kxe6 26. Qh3+ Kf7 27. Qd7+
Kg8 28. Qxd5+ Rf7 29. Qxa8+ Kh7 30. Qd5 Rc7 31. Qh5+ Kg8 32. Qe8+ Kh7 33. Bd3+ 1-0

[Event "Xtracon Chess Open 2017"]
[Site "Helsingor DEN"]
[Date "2017.07.23"]
[Round "3.9"]
[White "Veng, Johnni"]
[Black "Bosiocic, Marin"]
[Result "0-1"]
[WhiteTitle "FM"]
[BlackTitle "GM"]
[WhiteElo "2279"]
[BlackElo "2616"]
[WhiteFideId "1408623"]
[BlackFideId "14507927"]
[EventDate "2017.07.22"]

1. d4 Nf6 2. c4 e6 3. Nc3 Bb4 4. Qc2 d6 5. Nf3 Nc6 6. Bd2 a5 7. a3 Bxc3 8. Bxc3
Qe7 9. b3 e5 10. d5 Nb8 11. Nd2 O-O 12. e3 c6 13. dxc6 Nxc6 14. Bd3 Nd4 15. Qb1
Ne6 16. Ne4 Ng4 17. h3 Nh6 18. Bd2 f5 19. Nc3 Qg5 20. O-O f4 21. Bxh7+ Kh8 22.
Ne4 Qh5 23. exf4 exf4 24. Nxd6 Nd4 25. Qg6 Qh4 26. Rae1 Bxh3 27. Bc3 Rf6 28.
Bxd4 Rxg6 29. Bxg6 Qg4 30. Be4 Bxg2 0-1

[Event "Xtracon Chess Open 2017"]
[Site "Helsingor DEN"]
[Date "2017.07.23"]
[Round "3.10"]
[White "Agdestein, Simen"]
[Black "Stojanovski, Sandi"]
[Result "1-0"]
[WhiteTitle "GM"]
[BlackTitle "FM"]
[WhiteElo "2604"]
[BlackElo "2268"]
[WhiteFideId "1500015"]
[BlackFideId "1403249"]
[EventDate "2017.07.22"]

1. d4 d5 2. c4 e6 3. Nf3 Nf6 4. g3 Bb4+ 5. Nbd2 dxc4 6. Bg2 b5 7. O-O Bb7 8. a4
c6 9. axb5 cxb5 10. Nxc4 O-O 11. Nce5 Nbd7 12. Nd3 Be7 13. b4 a5 14. bxa5 Rxa5
15. Rb1 Qb6 16. Bd2 Ra3 17. Nb4 Be4 18. Rb3 Ra4 19. e3 Rc8 20. Ne1 Bxg2 21. Kxg2
e5 22. Nf3 e4 23. Ne5 Bxb4 24. Bxb4 Qe6 25. Nxd7 Qxd7 26. Qb1 h5 27. h3 Qf5 28.
Bc5 Qf3+ 29. Kh2 h4 30. gxh4 Ra6 31. Rxb5 Ng4+ 32. hxg4 Qxg4 33. Be7 f6 34. Qd1
Qxh4+ 35. Kg2 Rc1 36. Qh5 1-0

[Event "Xtracon Chess Open 2017"]
[Site "Helsingor DEN"]
[Date "2017.07.23"]
[Round "3.11"]
[White "Hobber, Anders"]
[Black "Vocaturo, Daniele"]
[Result "0-1"]
[WhiteTitle "FM"]
[BlackTitle "GM"]
[WhiteElo "2278"]
[BlackElo "2592"]
[WhiteFideId "1505424"]
[BlackFideId "813192"]
[EventDate "2017.07.22"]

1. d4 Nf6 2. Bf4 e6 3. e3 d5 4. Nd2 c5 5. c3 Nc6 6. Ngf3 Bd6 7. Bg3 O-O 8. Bd3
b6 9. Qe2 Bb7 10. Rd1 Re8 11. dxc5 bxc5 12. e4 Be7 13. h3 Qb6 14. e5 Nh5 15. Bh2
g6 16. Nf1 d4 17. N1d2 Na5 18. O-O Qxb2 19. cxd4 cxd4 20. Rb1 Bxf3 21. Nxf3 Qxe2
22. Bxe2 Red8 23. Rfd1 Nc6 24. g4 Ng7 25. Rbc1 Nb4 26. Rc7 Bf8 27. Ng5 Nd5 28.
Nxf7 Ne8 29. Nxd8 Nexc7 30. Nxe6 Nxe6 31. Bc4 Rd8 32. f4 Kh8 33. f5 gxf5 34.
gxf5 Ng5 0-1